000
00315nam a2200133Ia 4500
008
240624s9999 xx 000 0 und d
041
_a
eng
082
_a
823 LUD
100
_a
LUDLUM ROBERT
245
_a
BOURNE ULTIMATUM
260
_c
2007
_a
New Delhi
_b
Orion Books
300
_a
725 : p. : cm. ; 17
365
_c
RS
999
_c
28686
_d
28686